Coś lepkiego - Statystyki

Ogólne statystyki
  • Ten quiz został rozwiązany 8 razy
  • Średni wynik to 2 z 5
Statystyki odpowiedzi
Hint Odpowiedź % Poprawnych
1. Klej
100%
2. Miód
33%
4. Guma
17%
5. Lep na muchy
17%
3. Ślina
17%
Nie znaleziono quizów pasujących do podanych kryteriów
Rozkład punktacji
Procent ludzi z każdym wynikiem
Percentyl według liczby udzielonych odpowiedzi
Twoja historia wyników
Nie rozwiązałeś tego quizu